| 000 | 00766cam a2200205 a 4500 | ||
|---|---|---|---|
| 001 | 000025451 | ||
| 005 | 20200930023810.0 | ||
| 008 | 901219s1987 xxu 000 | spa d | ||
| 040 |
_aDO-SdBNP _bspa _cBNPHU |
||
| 041 |
_aspa _heng _2Código de idioma MARC |
||
| 082 |
_axxx _bH875d |
||
| 100 | 1 |
_aHubbard, L. Ronald _952064 |
|
| 240 | 0 |
_aDianetics : the modern science of mental health. _lEspañol |
|
| 245 | 1 | 0 |
_aDianética : _bla ciencia moderna de la salud mental : un manual de técnicas de dianética / _cL. Ronald Hubbard. |
| 260 |
_aLos Angeles : _bBridge Publications, _c1987. |
||
| 300 |
_axi, 619 p. ; _c18 cm. |
||
| 504 | _aIncluye glosario : p. 577-591 | ||
| 534 |
_aTítulo original : _tDianetics : the modern science of mental health. |
||
| 049 | _aBNGR | ||
| 999 |
_c24943 _d24943 |
||